Khaṭṭe santare, mīṭhe santare / (Record no. 71325)

MARC details
000 -LEADER
fixed length control field 00596cam a22002054a 4500
001 - CONTROL NUMBER
control field sa 66007668
003 - CONTROL NUMBER IDENTIFIER
control field DLC
005 - DATE AND TIME OF LATEST TRANSACTION
control field 20260227112306.0
008 - FIXED-LENGTH DATA ELEMENTS--GENERAL INFORMATION
fixed length control field 890727s1965 ii a 000 0 hino
010 ## - LIBRARY OF CONGRESS CONTROL NUMBER
LC control number sa 66007668
035 ## - SYSTEM CONTROL NUMBER
System control number (OCoLC)20080136
040 ## - CATALOGING SOURCE
Original cataloging agency DLC
Transcribing agency DLC
050 00 - LIBRARY OF CONGRESS CALL NUMBER
Classification number PK2098.13.A8295
Item number K38 1965
100 1# - MAIN ENTRY--PERSONAL NAME
Personal name Baruā, Jaiminī Kauśika.
245 10 - TITLE STATEMENT
Title Khaṭṭe santare, mīṭhe santare /
Statement of responsibility, etc. Jaiminī Kauśika "Baruā".
260 ## - PUBLICATION, DISTRIBUTION, ETC.
Place of publication, distribution, etc. Kalakattā :
Name of publisher, distributor, etc. Jaiminī Prakāśana,
Date of publication, distribution, etc. 1965.
300 ## - PHYSICAL DESCRIPTION
Extent 102 p. :
Other physical details ill. ;
Dimensions 22 cm.
546 ## - LANGUAGE NOTE
Language note In Hindi.
650 #0 - SUBJECT ADDED ENTRY--TOPICAL TERM
Topical term or geographic name entry element Hindi wit and humor.

No items available.

Powered by Koha